| 000 | 00845nam a2200217Ia 4500 | ||
|---|---|---|---|
| 999 |
_c36251 _d36251 |
||
| 001 | 2156 | ||
| 003 | GE_BSU | ||
| 005 | 20221020145431.0 | ||
| 008 | 181216s1988ru xx |||||||||||||| ||rus|| | ||
| 040 | _cGE_BSU | ||
| 041 | _arus | ||
| 080 | _a39(47.9) К-126 | ||
| 245 |
_aКавказский Этнографический сборник.VII : / _c[Отв. ред. М.В.Кантария] |
||
| 264 |
_aТбилиси : _bМецниереба, _c1988. |
||
| 300 |
_a176 с.: _b21 см. |
||
| 653 | _aКавказский Этнографический сборник | ||
| 653 | _aარქეოლოგია | ||
| 700 |
_aКантария, М.В. _eრედაქტორი _915395 |
||
| 710 |
_aИн-ут. историй, Археологии и этнографии им. И.А Джавахишвили _915396 |
||
| 942 |
_cBK _2udc |
||